00631 a2200181 4500020001500000035001200015040001300027100002600040245007700066250001200143260005600155300003300211650003400244700001900278942002300297999001500320952011400335 a0023611413 a7648888 aDLCbDLC10aJohnsonbaugh, Richard10aApplications programming in ANSI CcRichard Johnsonbaugh & Martin Kalin. a3rd ed.0 aUpper Saddle River, N.J.b: Prentice Hallc, c1996. axx, 875 p.b: ill.c; 24 cm. 0aC (Computer program language)1 aKalin, Martin. cBKk005.133/C2ddc c5914d5914 001040708NFICaCLbCLcSEd2000-12-08l3o005.133 JOHpSEECS000584r2021-10-26s2020-11-19w2017-01-05yBK